[Event "Principal 2016/2017"]
[Site "Vitrolles"]
[Date "2016.10.01"]
[Round "1"]
[White "Derige Kane, Yan"]
[Black "Figier, Anthony"]
[Result "1/2-1/2"]
[WhiteElo "1953"]
[BlackElo "2103"]
[PlyCount "96"]

1. d4 d5 2. c4 c6 3. Nf3 Nf6 4. Nc3 e6 5. cxd5 exd5 6. Bg5 Be7 7. e3 O-O 8. Bd3
h6 9. Bh4 Ne4 10. Bxe4 dxe4 11. Bxe7 Qxe7 12. Ne5 Bf5 13. Qh5 Bh7 14. O-O Na6
15. f3 f6 16. Ng4 f5 17. Ne5 Nb4 18. Rf2 f4 19. fxe4 fxe3 20. Re2 c5 21. Nf3
cxd4 22. Nxd4 Rad8 23. Nf3 Bxe4 24. Rxe3 Bxf3 25. Rxf3 Rxf3 26. Qxf3 Rf8 27.
Qg3 Qc5+ 28. Kh1 Qd4 29. h3 Nd3 30. Kh2 Nxb2 31. Rb1 Qd2 32. Re1 Nd3 33. Rd1
Qxc3 34. Rxd3 Qb2 35. Rb3 Qxa2 36. Rxb7 Qa1 37. Qb3+ Kh8 38. Qd5 a5 39. Ra7 a4
40. Qe4 Qb2 41. Rxa4 Qb8+ 42. Kg1 Re8 43. Qb4 Qe5 44. Qb1 Rb8 45.
Qd1 Qf5 46. Ra1 Rb2 47. Qf1 Qg6 48. Qf3 Kh7 1/2-1/2

[Event "Principal 2016/2017"]
[Site "Vitrolles"]
[Date "2016.10.01"]
[Round "1"]
[White "Baroyan, Davit"]
[Black "Metras, Dominique"]
[Result "1-0"]
[WhiteElo "2017"]
[BlackElo "1917"]
[PlyCount "115"]

1. d4 Nf6 2. c4 g6 3. Nc3 d5 4. cxd5 Nxd5 5. Bd2 Bg7 6. e4 Nb6 7. Be3 O-O 8. h3
Nc6 9. Nf3 Na5 10. d5 Nac4 11. Bd4 e5 12. Bc5 Re8 13. a4 Nd6 14. a5 Nd7 15.
Bxd6 cxd6 16. Bb5 Rf8 17. b4 f5 18. O-O h6 19. a6 Nf6 20. axb7 Bxb7 21. Bc6 Rf7
22. Nh4 Nxe4 23. Nxe4 fxe4 24. Nxg6 Qf6 25. Qg4 Kh7 26. Nh4 Qf4 27. Qg6+ Kg8
28. Bxb7 Rxb7 29. Nf5 Qg5 30. Qxg5 hxg5 31. Nxd6 Rxb4 32. Rfe1 Rd4 33. Nb5 Rc4
34. Nxa7 Rd4 35. Nc6 Rxa1 36. Rxa1 Rd3 37. Ne7+ Kf8 38. Nf5 Bf6 39. Ra6 Bd8 40.
d6 Kf7 41. Ne3 Rd4 42. Ng4 Ke6 43. d7+ Kxd7 44. Nxe5+ Kc8 45. Kf1 Rd5 46.
Nf7 Be7 47. Re6 Bc5 48. Rxe4 Rf5 49. Re5 Rxf2+ 50. Ke1 Bb6 51. Nd6+ Kd7 52. Nc4
Rxg2 53. Nxb6+ Kd6 54. Nc4+ Kd7 55. Kf1 Rg3 56. Re3 Rxe3 57. Nxe3 Ke6 58. Kg2
1-0

[Event "Principal 2016/2017"]
[Site "Vitrolles"]
[Date "2016.10.01"]
[Round "1"]
[White "Busson, Benoist"]
[Black "Girard, Jean-Pierre"]
[Result "1-0"]
[WhiteElo "1992"]
[BlackElo "1737"]
[PlyCount "67"]

1. e4 c5 2. Nc3 Nc6 3. Bb5 g6 4. Bxc6 bxc6 5. f4 Bg7 6. Nf3 Ba6 7. d3 c4 8. d4
e6 9. O-O Ne7 10. Be3 O-O 11. Qe1 d5 12. e5 Nf5 13. Bf2 Rb8 14. Rb1 Qc7 15. Kh1
Rb7 16. Rg1 Rfb8 17. Nd1 Rb5 18. g4 Ne7 19. Bh4 c5 20. Bxe7 Qxe7 21. f5 cxd4
22. f6 Bxf6 23. exf6 Qxf6 24. Ne5 Qg7 25. Rf1 f6 26. Nc6 Re8 27. Nxd4 Rb6 28.
Nc3 e5 29. Na4 Qd7 30. Nxb6 axb6 31. Rxf6 exd4 32. Qf2 d3 33. Rf1 d4 34. Rf8+
1-0

[Event "Principal 2016/2017"]
[Site "Vitrolles"]
[Date "2016.10.01"]
[Round "1"]
[White "Urcun, Gael"]
[Black "Anton, Jose"]
[Result "1/2-1/2"]
[WhiteElo "1694"]
[BlackElo "1843"]
[PlyCount "131"]

1. e4 c5 2. Nc3 a6 3. g3 b5 4. Bg2 Bb7 5. d3 e6 6. Nf3 Nf6 7. O-O b4 8. Ne2 d5
9. e5 Nfd7 10. Nf4 Nc6 11. Re1 Be7 12. h4 Qc7 13. Qe2 O-O 14. c3 a5 15. Bh3 Nd8
16. Ng5 Qc6 17. d4 cxd4 18. cxd4 h6 19. Qh5 hxg5 20. hxg5 Qc2 21. Be3 Qh7 22.
Qg4 Qf5 23. Qe2 Qe4 24. g6 fxg6 25. f3 Ba6 26. Qf2 Rxf4 27. Bxf4 Qd3 28. Rac1
Nb6 29. b3 Qb5 30. Qc2 Qd7 31. Qxg6 Rc8 32. Rxc8 Bxc8 33. Bg4 Nc6 34. Be3 Bf8
35. Re2 Qf7 36. Qc2 Bd7 37. Rh2 g6 38. Bg5 Nxd4 39. Qd3 Nf5 40. Qa6 Nc8 41.
Qxa5 Be8 42. Qd8 Qd7 43. Qa5 Qa7+ 44. Qxa7 Nxa7 45. Rc2 Nb5 46. Rc8 Kf7 47. Rb8
Nc3 48. Rb7+ Kg8 49. Rb8 Kf7 50. Rb7+ Kg8 51. Rb8 Bc5+ 52. Kh2 Kf7 53. Rb7+ Kf8
54. Rc7 Bd4 55. Bxf5 gxf5 56. Bh6+ Kg8 57. Bg7 Nxa2 58. Bf6 Bc3 59. Rg7+ Kf8
60. Kh3 Nc1 61. Kh4 Nxb3 62. f4 Nc5 63. Rh7 Ne4 64. Rh8+ Kf7 65. Rh7+ Kg8 66.
Rh8+ 1/2-1/2

[Event "Principal 2016/2017"]
[Site "Vitrolles"]
[Date "2016.10.01"]
[Round "1"]
[White "Sempe, Pierre"]
[Black "Madranges, Jean"]
[Result "1/2-1/2"]
[WhiteElo "1743"]
[BlackElo "1809"]
[PlyCount "150"]

1. e4 Nc6 2. Nf3 d6 3. d4 Nf6 4. Nc3 g6 5. h3 Bg7 6. Be2 O-O 7. O-O e5 8. d5
Ne7 9. Bg5 h6 10. Be3 Nd7 11. Nd2 f5 12. f3 f4 13. Bf2 Nf6 14. Kh1 g5 15. Rg1
Qe8 16. Bf1 a6 17. Ne2 Qh5 18. g4 Qg6 19. c4 h5 20. Kg2 b6 21. Nc3 Kf7 22. b4
Rh8 23. Be2 Bd7 24. c5 bxc5 25. bxc5 hxg4 26. fxg4 Rh6 27. c6 Nxc6 28. dxc6
Bxc6 29. Bc4+ Ke7 30. Qe2 Rah8 31. Rh1 Qh7 32. Qf3 Bd7 33. Nd5+ Nxd5 34. exd5
Qc2 35. Qd3 Qxd3 36. Bxd3 e4 37. Rae1 e3 38. Bxe3 fxe3 39. Rxe3+ Kd8 40. Rb1 c6
41. Bxa6 Be5 42. Nc4 cxd5 43. Rb8+ Ke7 44. Nxe5 dxe5 45. Rxe5+ Kd6 46. Rxh8
Rxh8 47. Rxg5 Ra8 48. Bb7 Rxa2+ 49. Kg3 Rd2 50. Kh4 d4 51. Be4 Be6 52. Bf5 Bc4
53. Rg6+ Ke5 54. Kg5 d3 55. Rc6 Bb3 56. h4 Bc2 57. h5 Rf2 58. Rc8 Rxf5+ 59.
gxf5 d2 60. Re8+ Kd4 61. f6 Bd3 62. Rd8+ Ke4 63. Rxd3 Kxd3 64. f7 d1=Q 65. f8=Q
Qg1+ 66. Kh6 Qe3+ 67. Kg6 Qg3+ 68. Kh7 Qc7+ 69. Qg7 Qf4 70. Qg6+ Kd4 71. h6 Ke5
72. Qe8+ Kd5 73. Qb5+ Ke6 74. Qc6+ Ke7 75. Qg6 Qf7+ 1/2-1/2

[Event "Principal 2016/2017"]
[Site "Vitrolles"]
[Date "2016.10.15"]
[Round "2"]
[White "Figier, Anthony"]
[Black "Baroyan, Davit"]
[Result "1-0"]
[WhiteElo "2103"]
[BlackElo "2017"]
[PlyCount "91"]

1. d4 d5 2. c4 dxc4 3. e4 b5 4. a4 c6 5. axb5 cxb5 6. Nc3 a6 7. Nxb5 axb5 8.
Rxa8 Bb7 9. Ra1 e6 10. f3 Bb4+ 11. Bd2 Nc6 12. Ne2 f5 13. Bxb4 Nxb4 14. Nc3
fxe4 15. fxe4 Qxd4 16. Qxd4 Nc2+ 17. Kd2 Nxd4 18. Ra7 Bc6 19. Rxg7 Nf6 20. Be2
b4 21. Bxc4 bxc3+ 22. Kxc3 e5 23. Bd3 Bxe4 24. Bxe4 Nxe4+ 25. Kc4 Ne6 26.
Ra7 O-O 27. Kd5 Nf2 28. Rha1 Nf4+ 29. Kxe5 N2d3+ 30. Ke4 Nxb2 31. Ra8 Ng6 32.
Rxf8+ Kxf8 33. Kd4 Nh4 34. Rf1+ Kg7 35. g3 Ng6 36. Ra1 Kf6 37. Kc3 Kf5 38. Kxb2
Kg4 39. Ra7 h5 40. Rg7 Kf5 41. h4 Ne5 42. Rg5+ Ke4 43. Rxh5 Ng4 44. Rg5 Kf3 45.
Rxg4 Kxg4 46. Kc3 1-0

[Event "Principal 2016/2017"]
[Site "Vitrolles"]
[Date "2016.10.15"]
[Round "2"]
[White "Madranges, Jean"]
[Black "Busson, Benoist"]
[Result "1-0"]
[WhiteElo "1809"]
[BlackElo "1992"]
[PlyCount "111"]

1. d4 d5 2. Bf4 c5 3. e3 Nc6 4. c3 Qb6 5. Na3 a6 6. Rb1 cxd4 7. exd4 Bf5 8. Bd3
Bxd3 9. Qxd3 Nf6 10. Nf3 e6 11. O-O Be7 12. b4 O-O 13. b5 Bxa3 14. bxc6 Qxc6
15. Ne5 Qc8 16. c4 Bd6 17. c5 Bxe5 18. Bxe5 Nd7 19. Bd6 Re8 20. f4 Qc6 21. f5
e5 22. dxe5 Nxc5 23. Qd4 Ne4 24. Rfc1 Qd7 25. Rc7 Qxf5 26. Rf1 Qe6 27. Rfxf7
Nxd6 28. Rxg7+ Kf8 29. Qf4+ Qf5 30. Rxh7 Re7 31. Qh6+ Kg8 32. Rh8+ Kf7 33.
Rxe7+ Kxe7 34. exd6+ Kd7 35. Rxa8 Qb1+ 36. Kf2 Qxa2+ 37. Kg3 Qa3+ 38. Kh4 Qb4+
39. Kh3 Qc3+ 40. g3 Qd3 41. Qg7+ Kxd6 42. Rd8+ Kc6 43. Qd7+ Kb6 44. Qxd5 Qh7+
45. Kg2 Qc2+ 46. Qd2 Qe4+ 47. Kg1 Qb1+ 48. Qd1 Qf5 49. Qd4+ Kc6 50. Qd6+ Kb5
51. Qd3+ Qxd3 52. Rxd3 a5 53. h4 Kc4 54. Rf3 b5 55. h5 b4 56. h6 1-0

[Event "Principal 2016/2017"]
[Site "Vitrolles"]
[Date "2016.10.15"]
[Round "2"]
[White "Urcun, Gael"]
[Black "Sempe, Pierre"]
[Result "1-0"]
[WhiteElo "194"]
[BlackElo "1743"]
[PlyCount "62"]

1. e4 e5 2. Bc4 Nf6 3. d3 Bc5 4. Nc3 c6 5. Nf3 d6 6. h3 h6 7. O-O O-O 8. a3 Bb6
9. Re1 Re8 10. Na4 Bc7 11. Ba2 Nbd7 12. Be3 Nf8 13. Qd2 Be6 14. c4 b5 15. cxb5
Bxa2 16. Rxa2 cxb5 17. Nc3 a6 18. b4 Bb6 19. Rc2 Rc8 20. Rec1 Bxe3 21. fxe3 Qd7
22. Nh4 N8h7 23. Nf5 d5 24. Nxd5 Nxd5 25. Rxc8 Rxc8 26. Rxc8+ Qxc8 27. Qa2 Qc1+
28. Kh2 Nxe3 29. Nd6 Ng5 30. h4 Ne6 31. Qe2 Nf1+ 1-0

[Event "Principal 2016/2017"]
[Site "Vitrolles"]
[Date "2016.10.15"]
[Round "2"]
[White "Girard, Jean-Pierre"]
[Black "Derige Kane, Yan"]
[Result "0-1"]
[WhiteElo "1737"]
[BlackElo "1953"]
[PlyCount "80"]

1. e4 c6 2. d4 d5 3. Nd2 dxe4 4. Nxe4 Bf5 5. Ng3 Bg6 6. h4 h6 7. Nf3 Nd7 8. h5
Bh7 9. Bd3 Bxd3 10. Qxd3 e6 11. Bd2 Ngf6 12. O-O-O Qc7 13. Ne4 Nxe4 14. Qxe4
Nf6 15. Qe2 O-O-O 16. Kb1 Bd6 17. c4 Rhe8 18. Bc3 c5 19. b3 cxd4 20. Nxd4 a6
21. g3 Kb8 22. Bb2 Ka8 23. Nc2 Qa5 24. g4 Bf4 25. Qf3 e5 26. Bc3 Qc7 27. Nb4 e4
28. Qe2 Be5 29. Bxe5 Qxe5 30. Nc2 Qc3 31. Qe3 Rd3 32. Qf4 Red8 33. Rc1 Qa5 34.
Rhg1 Rf3 35. Qh2 Rd2 36. Qh4 Rfxf2 37. g5 hxg5 38. Rxg5 Qc3 39. Rg3 Rxc2 40.
Rxc3 Rb2+ 0-1

[Event "Principal 2016/2017"]
[Site "Vitrolles"]
[Date "2016.10.15"]
[Round "2"]
[White "Anton, Jose"]
[Black "Metras, Dominique"]
[Result "1/2-1/2"]
[WhiteElo "1843"]
[BlackElo "1917"]
[PlyCount "91"]

1. e4 Nf6 2. e5 Nd5 3. Nc3 Nb6 4. d4 d6 5. f4 dxe5 6. fxe5 Nc6 7. Be3 g6 8. Be2
Bg7 9. Qd2 Bf5 10. a3 Qd7 11. Nf3 f6 12. d5 Nxe5 13. Nxe5 fxe5 14. Bb5 c6 15.
dxc6 bxc6 16. Qxd7+ Kxd7 17. O-O-O+ Kc7 18. Be2 h5 19. h3 h4 20. Bf3 Nc4 21.
Bc5 Nd6 22. Rhe1 Bf6 23. Ne4 Nxe4 24. Bxe4 a6 25. Bb4 Kb6 26. Rd3 a5 27. Bd2
Bxe4 28. Rxe4 Rad8 29. Rb3+ Ka6 30. Ra4 Rd5 31. Rc3 Rc8 32. Rg4 Rcd8 33. Rd3
Rxd3 34. cxd3 Rxd3 35. Rxg6 e4 36. Kc2 Bxb2 37. Rxc6+ Kb5 38. Re6 Bxa3 39. Rxe4
Rg3 40. Rxh4 Rxg2 41. Rh5+ Kc4 42. Rh4+ Kd5 43. Kd3 Rg3+ 44. Ke2 Bb4 45. Bxb4
axb4 46. Rxb4 1/2-1/2

[Event "Principal 2016/2017"]
[Site "Vitrolles"]
[Date "2016.11.05"]
[Round "3"]
[White "Busson, Benoist"]
[Black "Urcun, Gael"]
[Result "1-0"]
[WhiteElo "1996"]
[BlackElo "1711"]
[PlyCount "135"]

1. e4 c6 2. Bc4 d5 3. Bb3 e5 4. Nc3 Nf6 5. Nf3 Bg4 6. h3 Bxf3 7. Qxf3 d4 8. Ne2
Nbd7 9. Ng3 Nc5 10. O-O Be7 11. d3 a5 12. Nf5 Bf8 13. Qg3 Ncd7 14. Nxg7+ Ke7
15. Nf5+ Ke8 16. a3 h5 17. Bg5 Qc7 18. f4 h4 19. Nxh4 Bd6 20. Nf5 Nh5 21. Nxd6+
Qxd6 22. Qf2 f6 23. fxe5 Qxe5 24. Bf4 Nxf4 25. Qxf4 Ke7 26. Qxe5+ Nxe5 27. Rf5
Rh6 28. Rd1 a4 29. Ba2 Rah8 30. Kf2 R8h7 31. c3 c5 32. cxd4 cxd4 33. Bc4 Rg6
34. Bb5 Rhg7 35. g4 Rh6 36. Kg3 Rgh7 37. Rh1 Rg7 38. Rh2 Kd6 39. Bxa4 Rc7 40.
Bb5 Rc1 41. Rhf2 Ke7 42. Rxe5+ fxe5 43. Bc4 Rh1 44. Rh2 Rg1+ 45. Kf2 Rxg4 46.
a4 b6 47. b4 Rf6+ 48. Ke2 Rg3 49. a5 bxa5 50. bxa5 Rg1 51. Rf2 Ra1 52. a6 Rxf2+
53. Kxf2 Kf6 54. Ke2 Kg5 55. Kd2 Kh4 56. Kc2 Kxh3 57. Kb3 Kg3 58. Kb4 Kf4 59.
Kb5 Rb1+ 60. Kc6 Rc1 61. a7 Ra1 62. Kb6 Rb1+ 63. Bb5 Ke3 64. a8=Q Rxb5+ 65.
Kxb5 Kxd3 66. Qd5 Ke3 67. Qxe5 d3 68. Qd5 1-0

[Event "Principal 2016/2017"]
[Site "Vitrolles"]
[Date "2016.11.05"]
[Round "3"]
[White "Derige Kane, Yan"]
[Black "Madranges, Jean"]
[Result "1-0"]
[WhiteElo "1953"]
[BlackElo "1794"]
[PlyCount "87"]

1. e4 Nc6 2. Nf3 d6 3. d4 Nf6 4. Bd3 g6 5. c3 Bg7 6. Bg5 h6 7. Bh4 O-O 8. d5
Nb8 9. Nd4 c5 10. Ne2 e6 11. dxe6 Bxe6 12. O-O g5 13. Bg3 Nh5 14. Nd2 Nc6 15.
Nc4 b5 16. Ne3 c4 17. Bc2 Ne5 18. Nd4 Nxg3 19. hxg3 Qb6 20. Ndf5 Rad8 21. Qh5
Bxf5 22. Nxf5 Kh7 23. Kh1 Nd3 24. Bxd3 cxd3 25. Nxg7 Kxg7 26. Qf3 d5 27. Qxd3
dxe4 28. Qxe4 Rfe8 29. Qc2 Re6 30. Rfe1 Red6 31. Re2 Rd5 32. Rae1 Qd6 33. Qe4
Rd1 34. Kh2 a6 35. f4 Rxe1 36. Rxe1 Qd2 37. Re2 Qd1 38. Qe5+ Kh7 39. fxg5 hxg5
40. Qf5+ Kh8 41. Qf6+ Kg8 42. Qxg5+ Kf8 43. Qh6+ Kg8 44. Re5 1-0

[Event "Principal 2016/2017"]
[Site "Vitrolles"]
[Date "2016.11.05"]
[Round "3"]
[White "Baroyan, Davit"]
[Black "Girard, Jean-Pierre"]
[Result "0-1"]
[WhiteElo "1989"]
[BlackElo "1737"]
[PlyCount "52"]

1. d4 Nf6 2. c4 e6 3. Nc3 Bb4 4. Qc2 c5 5. dxc5 Nc6 6. Nf3 Bxc5 7. Bf4 Be7 8.
O-O-O O-O 9. e4 d5 10. exd5 exd5 11. cxd5 Nb4 12. Qb3 Bd6 13. Bxd6 Qxd6 14. Rd4
a5 15. a3 Na6 16. Bd3 Nc5 17. Qc2 Nxd3+ 18. Qxd3 Bd7 19. Ne4 Nxe4 20. Qxe4 b5
21. Ng5 Qh6 22. Qe7 Bf5 23. f4 Rac8+ 24. Kd1 Qg6 25. Qe2 Rfe8 26. Qf3 Bg4 0-1

[Event "Principal 2016/2017"]
[Site "Vitrolles"]
[Date "2016.11.05"]
[Round "3"]
[White "Sempe, Pierre"]
[Black "Anton, Jose"]
[Result "1-0"]
[WhiteElo "1743"]
[BlackElo "1843"]
[PlyCount "165"]

1. e4 c5 2. Nf3 Nc6 3. Bb5 d6 4. d4 cxd4 5. Qxd4 Bd7 6. Bxc6 Bxc6 7. O-O e5 8.
Qc4 Be7 9. Nc3 Nf6 10. Bg5 Nd7 11. Bxe7 Qxe7 12. Nd5 Bxd5 13. Qxd5 Nb6 14. Qb5+
Qd7 15. Qb3 Qa4 16. Qd3 Rd8 17. b3 Qc6 18. Rad1 O-O 19. Nxe5 Qc5 20. Ng4 f5 21.
exf5 Rxf5 22. Qe4 Rdf8 23. Qe6+ Kh8 24. Qxd6 Qa5 25. a4 h5 26. Ne3 R5f6 27. Qc7
R8f7 28. Rd8+ Kh7 29. Qb8 Kg6 30. Rh8 Rf4 31. Qd6+ R7f6 32. Qd3+ Kf7 33. Qh7
Rxf2 34. Qxh5+ Qxh5 35. Rxh5 Re2 36. Rxf6+ Kxf6 37. Rh3 Ke6 38. Kf1 Rd2 39. a5
Nd5 40. Ke1 Rd4 41. Nxd5 Rxd5 42. Re3+ Kf6 43. b4 Rh5 44. h3 Rg5 45. g3 Rd5 46.
Ke2 b5 47. axb6 axb6 48. c3 b5 49. h4 Kf5 50. Kf3 Rd7 51. Kg2 Rc7 52. Rf3+ Kg6
53. Rd3 Kf6 54. Rd6+ Ke5 55. Rb6 Rxc3 56. Rxb5+ Ke4 57. Rb7 Rc2+ 58. Kh3 g6 59.
Kg4 Rc6 60. Rf7 Ke5 61. Kg5 Rb6 62. Rf3 Kd5 63. g4 Ke5 64. Rf8 Rxb4 65. Rg8 Ke6
66. Rxg6+ Kf7 67. h5 Rb8 68. Ra6 Kg7 69. Ra7+ Kh8 70. Rf7 Rg8+ 71. Kf5 Ra8 72.
g5 Ra5+ 73. Kg6 Ra6+ 74. Rf6 Ra8 75. Kh6 Kg8 76. Rb6 Kh8 77. g6 Rg8 78. Kg5 Rc8
79. h6 Kg8 80. Kf6 Rf8+ 81. Ke7 Ra8 82. Rd6 Ra7+ 83. Rd7 1-0

[Event "Principal 2016/2017"]
[Site "Vitrolles"]
[Date "2016.11.05"]
[Round "3"]
[White "Metras, Dominique"]
[Black "Figier, Anthony"]
[Result "0-1"]
[WhiteElo "1917"]
[BlackElo "2103"]
[PlyCount "78"]

1. d4 d5 2. c4 c6 3. Nf3 Nf6 4. g3 Bg4 5. Bg2 Nbd7 6. O-O e6 7. b3 Be7 8. Bb2
O-O 9. Nc3 Qc7 10. h3 Bh5 11. cxd5 exd5 12. Re1 Ne4 13. Qc2 Nxc3 14. Qxc3 Qb6
15. a3 Rad8 16. b4 Bg6 17. Nd2 Nf6 18. Rad1 Rfe8 19. e3 Bd6 20. Bf1 Qc7 21. Bg2
Ra8 22. Rc1 Qd7 23. Qb3 a5 24. Ra1 a4 25. Qd1 Bf5 26. Kh2 h5 27. Nf3 Ne4 28.
Qe2 Qc7 29. Nd2 Bxg3+ 30. fxg3 Qxg3+ 31. Kg1 Bxh3 32. Nxe4 Rxe4 33. Qf2 Rg4 34.
Re2 Bxg2 35. Qxg2 Qh4 36. Kf1 Rxg2 37. Kxg2 Re8 38. Rh1 Qe4+ 39. Kg1 Re6 0-1

[Event "Principal 2016/2017"]
[Site "Vitrolles"]
[Date "2016.12.10"]
[Round "4"]
[White "Anton, Jose"]
[Black "Figier, Anthony"]
[Result "1/2-1/2"]
[WhiteElo "1843"]
[BlackElo "2105"]
[PlyCount "43"]

1. d4 d5 2. c4 c6 3. Nf3 Nf6 4. Nc3 e6 5. Bg5 dxc4 6. e4 b5 7. e5 h6 8. Bh4 g5
9. Nxg5 hxg5 10. Bxg5 Nbd7 11. g3 Bb7 12. Bg2 Qb6 13. exf6 O-O-O 14. O-O Ne5
15. dxe5 Rxd1 16. Rfxd1 b4 17. Ne4 c5 18. a3 Bd5 19. axb4 Qb7 20. Nd6+ Bxd6 21.
Bxd5 exd5 22. exd6 1/2-1/2

[Event "Principal 2016/2017"]
[Site "Vitrolles"]
[Date "2016.12.10"]
[Round "4"]
[White "Girard, Jean-Pierre"]
[Black "Metras, Dominique"]
[Result "1-0"]
[WhiteElo "1763"]
[BlackElo "1917"]
[PlyCount "71"]

1. e4 Nf6 2. e5 Nd5 3. d4 d6 4. Nf3 g6 5. Be2 Bg7 6. O-O O-O 7. c4 Nb6 8. exd6
cxd6 9. h3 Nc6 10. Nc3 e5 11. Be3 Bf5 12. Rc1 Rc8 13. b3 Qe7 14. d5 Nb8 15. a4
Bd7 16. a5 Na8 17. Bxa7 Na6 18. Qd2 f5 19. b4 Nxb4 20. Rb1 Na6 21. Rxb7 Nc5 22.
Bxc5 Rxc5 23. Nb5 Rfc8 24. a6 Nc7 25. Nxc7 R5xc7 26. Rfb1 Qd8 27. a7 Rxb7 28.
Rxb7 Ra8 29. Qa2 e4 30. Ng5 Bd4 31. Ne6 Qc8 32. Rc7 Bxe6 33. Rxc8+ Bxc8 34. Qa5
Bxa7 35. Qd8+ Kf7 36. Qxd6 1-0

[Event "Principal 2016/2017"]
[Site "Vitrolles"]
[Date "2016.12.10"]
[Round "4"]
[White "Madranges, Jean"]
[Black "Baroyan, Davit"]
[Result "0-1"]
[WhiteElo "1794"]
[BlackElo "1989"]
[PlyCount "34"]

1. e4 c5 2. Nc3 Nc6 3. Bb5 Nf6 4. Bxc6 dxc6 5. f4 g6 6. Nf3 Bg7 7. d3 O-O 8.
O-O Qb6 9. Na4 Qa5 10. c3 Rd8 11. Qc2 c4 12. d4 Nxe4 13. Qxe4 Qxa4 14. Qxe7 Qa5
15. f5 Bxf5 16. Ng5 Rd7 17. Qe2 Bd3 0-1

[Event "Principal 2016/2017"]
[Site "Vitrolles"]
[Date "2016.12.10"]
[Round "4"]
[White "Urcun, Gael"]
[Black "Derige Kane, Yan"]
[Result "1-0"]
[WhiteElo "1708"]
[BlackElo "1989"]
[PlyCount "65"]

1. e4 e5 2. Bc4 Nf6 3. d3 c6 4. Nf3 d5 5. Bb3 Bd6 6. O-O O-O 7. Bg5 Be6 8. Nc3
d4 9. Ne2 h6 10. Bh4 Bg4 11. Kh1 g5 12. Bg3 Bxf3 13. gxf3 Nh5 14. Qd2 Qf6 15.
Kg2 Kh7 16. h3 Nd7 17. a3 Nc5 18. Rh1 Nf4+ 19. Bxf4 gxf4 20. Rh2 Rg8+ 21. Kh1
Nxb3 22. cxb3 Qg5 23. Rg1 Qh5 24. Rg4 f5 25. exf5 Qxf5 26. Rhg2 h5 27. Rxg8
Qxh3+ 28. Rh2 Qxf3+ 29. Rgg2 Bf8 30. Ng1 Qd5 31. Qe2 Bh6 32. Qxh5 Qe6 33. Nf3
1-0

[Event "Principal 2016/2017"]
[Site "Vitrolles"]
[Date "2017.01.21"]
[Round "5"]
[White "Busson, Benoist"]
[Black "Anton, Jose"]
[Result "1-0"]
[WhiteElo "1999"]
[BlackElo "1839"]
[PlyCount "67"]

1. e4 c5 2. Nf3 Nc6 3. Bb5 d6 4. Bxc6+ bxc6 5. h3 e5 6. O-O f5 7. Qe2 Nf6 8.
exf5 Be7 9. d3 Bxf5 10. Re1 O-O 11. Nc3 Qc7 12. Ng5 Nd5 13. Nxd5 cxd5 14. Qf3
Be6 15. Qh5 Bxg5 16. Bxg5 Rf5 17. g4 Rf7 18. Bh4 Raf8 19. Qg5 d4 20. Bg3 Qb7
21. Qd2 Bd5 22. Kh2 Qxb2 23. a4 Rb7 24. Qc1 Rfb8 25. f4 Qc3 26. fxe5 Rb2 27.
Re2 Bb3 28. Be1 Rxc2 29. Bxc3 Rxe2+ 30. Kg3 dxc3 31. Qxc3 Bd5 32. Re1 Rb3 33.
Qa5 Rxd3+ 34. Kh4 1-0

[Event "Principal 2016/2017"]
[Site "Vitrolles"]
[Date "2017.01.21"]
[Round "5"]
[White "Baroyan, Davit"]
[Black "Urcun, Gael"]
[Result "1-0"]
[WhiteElo "1930"]
[BlackElo "1715"]
[PlyCount "65"]

1. d4 Nf6 2. c4 g6 3. Nc3 Bg7 4. Nf3 O-O 5. Bg5 d6 6. e3 c6 7. Be2 Nbd7 8. h3
e5 9. O-O h6 10. Bh4 g5 11. Bg3 e4 12. Nd2 d5 13. cxd5 cxd5 14. Qb3 Nb6 15. a4
Be6 16. a5 Nbd7 17. Qxb7 g4 18. hxg4 Re8 19. Nb5 Nf8 20. Nc7 Qd7 21. Bb5 Rab8
22. Bxd7 Rxb7 23. Nxe8 Nxe8 24. Bxe8 Rxb2 25. Nb1 Bxg4 26. Nc3 Be6 27. Rfb1 Rc2
28. Nb5 Rc8 29. Nc7 h5 30. Nxe6 Nxe6 31. Bd7 Rc2 32. Bxe6 fxe6 33. Rb7 1-0

[Event "Principal 2016/2017"]
[Site "Vitrolles"]
[Date "2017.01.21"]
[Round "5"]
[White "Metras, Dominique"]
[Black "Madranges, Jean"]
[Result "0-1"]
[WhiteElo "1901"]
[BlackElo "1785"]
[PlyCount "64"]

1. d4 Nf6 2. c4 Nc6 3. Nc3 e5 4. d5 Ne7 5. e4 Ng6 6. a3 Bc5 7. h3 d6 8. Nf3 a6
9. g3 O-O 10. Bg2 Qe7 11. O-O Ne8 12. Qe2 f5 13. exf5 Bxf5 14. Be3 Bxe3 15.
Qxe3 h6 16. Nd2 Nf6 17. Nde4 Nxe4 18. Bxe4 Qd7 19. Bxf5 Qxf5 20. Kg2 Rf7 21.
Ne4 b6 22. f3 Raf8 23. b4 Ne7 24. Rad1 Qh5 25. g4 Qh4 26. Qf2 Ng6 27. Qxh4
Nxh4+ 28. Kg3 Nxf3 29. Kg2 Nh4+ 30. Kg1 Nf3+ 31. Kg2 {(=)} Ng5 32. Nxg5 Rxf1
0-1

[Event "Principal 2016/2017"]
[Site "Vitrolles"]
[Date "2017.01.21"]
[Round "5"]
[White "Figier, Anthony"]
[Black "Girard, Jean-Pierre"]
[Result "1-0"]
[WhiteElo "2104"]
[BlackElo "1774"]
[PlyCount "85"]

1. d4 Nf6 2. c4 e6 3. Nc3 Bb4 4. e3 c5 5. Nge2 cxd4 6. exd4 b6 7. a3 Be7 8. Nf4
Bb7 9. Be2 d6 10. O-O O-O 11. d5 e5 12. Nd3 Nbd7 13. f4 Rc8 14. b3 a6 15. Bb2
Re8 16. fxe5 dxe5 17. Nf2 Bc5 18. Na4 Bd6 19. Nc3 Bc5 20. Kh1 b5 21. Nce4 bxc4
22. bxc4 Rb8 23. Qd2 Bxf2 24. Nxf2 Nc5 25. Rab1 Qd6 26. Nd1 Nfe4 27. Qc2 Qg6
28. Kg1 Bc8 29. Ne3 f5 30. Bf3 f4 31. Qe2 fxe3 32. Bh5 Bg4 33. Bxg4 Nd2 34. Bh5
Qd3 35. Bf7+ Kh8 36. Bxe8 Rxe8 37. Qh5 Qg6 38. Qxg6 hxg6 39. Bc3 Nce4 40. Bxd2
Nxd2 41. c5 Rd8 42. d6 Nxf1 43. Kxf1 1-0

[Event "Principal 2016/2017"]
[Site "Vitrolles"]
[Date "2017.02.04"]
[Round "6"]
[White "Anton, Jose"]
[Black "Girard, Jean-Pierre"]
[Result "1-0"]
[WhiteElo "1845"]
[BlackElo "1774"]
[PlyCount "69"]

1. e4 c5 2. d4 cxd4 3. c3 Nf6 4. e5 Nd5 5. Nf3 Nc6 6. Bc4 Nb6 7. Bb3 e6 8. O-O
d6 9. exd6 Bxd6 10. cxd4 O-O 11. Nc3 Be7 12. a3 Bf6 13. Be3 Ne7 14. Ne4 Nbd5
15. Nxf6+ Nxf6 16. Rc1 b6 17. Bg5 Ng6 18. h4 Bb7 19. h5 Ne7 20. Ne5 Nfd5 21.
Qd3 f6 22. Bc2 f5 23. Qg3 Nf6 24. Qh4 Qd5 25. Nf3 Rae8 26. Bd3 b5 27. Rc5 Qb3
28. Bxb5 Rc8 29. Bc4 Qb6 30. Rb5 Qc6 31. Rxb7 Qxb7 32. Bxe6+ Kh8 33. Bxc8 Nxc8
34. h6 Nd6 35. hxg7+ 1-0

[Event "Principal 2016/2017"]
[Site "Vitrolles"]
[Date "2017.02.04"]
[Round "6"]
[White "Madranges, Jean"]
[Black "Figier, Anthony"]
[Result "0-1"]
[WhiteElo "1785"]
[BlackElo "2108"]
[PlyCount "116"]

1. e4 Nf6 2. e5 Nd5 3. Nc3 c6 4. Nxd5 cxd5 5. d4 d6 6. Nf3 Nc6 7. Bf4 dxe5 8.
Nxe5 Qb6 9. Nxc6 bxc6 10. Rb1 Bf5 11. Be2 e6 12. O-O Be7 13. b4 O-O 14. Rb3 a5
15. bxa5 Qxa5 16. g4 Bg6 17. Bd3 Bxd3 18. Rxd3 c5 19. Rh3 Qd8 20. Qd3 g6 21.
Rh6 Bg5 22. Bxg5 Qxg5 23. Qh3 f5 24. Rxh7 Qxg4+ 25. Qxg4 fxg4 26. Re7 Rfe8 27.
Rxe8+ Rxe8 28. dxc5 Rc8 29. Kg2 Rxc5 30. Rc1 Rc3 31. Re1 Kf7 32. Re2 Ke7 33. a4
Ra3 34. a5 Kf6 35. Re3 Rxa5 36. Kg3 Rc5 37. c3 Rc4 38. Kh4 Kf5 39. Kg3 e5 40.
Rd3 d4 41. cxd4 exd4 42. f3 gxf3 43. Rxf3+ Ke5 44. Kg2 Rc2+ 45. Kg1 Rc3 46. Rf8
Rc1+ 47. Kf2 Rc2+ 48. Kg3 d3 49. Rd8 Ke4 50. Re8+ Kd4 51. Rd8+ Kc3 52. h4 Rc1
53. Rc8+ Kd2 54. Rd8 Rg1+ 55. Kh2 Rg4 56. Kh3 Re4 57. Rd6 Re3+ 58. Kg2 Ke2 0-1

[Event "Principal 2016/2017"]
[Site "Vitrolles"]
[Date "2017.02.04"]
[Round "6"]
[White "Urcun, Gael"]
[Black "Metras, Dominique"]
[Result "0-1"]
[WhiteElo "1715"]
[BlackElo "1901"]
[PlyCount "106"]

1. e4 Nf6 2. e5 Nd5 3. c4 Nb6 4. d4 d6 5. exd6 cxd6 6. Nc3 g6 7. Be3 Bg7 8. Rc1
O-O 9. b3 Nc6 10. d5 Ne5 11. Be2 a5 12. f4 Ned7 13. Nf3 Re8 14. O-O Nf6 15. Bd4
e6 16. dxe6 fxe6 17. Re1 Bd7 18. Bxf6 Bxf6 19. Qxd6 Bc6 20. Qxd8 Raxd8 21. Nb5
a4 22. c5 Nd5 23. g3 axb3 24. axb3 Ra8 25. Ne5 Ra5 26. Nxc6 bxc6 27. Nd6 Bd4+
28. Kh1 Re7 29. Ne4 Rea7 30. Bc4 h6 31. Nd6 Ra1 32. Bxd5 exd5 33. Nc8 Rxc1 34.
Rxc1 Rb7 35. b4 Kf8 36. Nb6 Ra7 37. Kg2 Ra2+ 38. Kh3 Ke8 39. Nc8 Rb2 40. Nd6+
Kd7 41. f5 gxf5 42. Nxf5 Rxb4 43. Nxh6 Be3 44. Rf1 Bxh6 45. Rf7+ Ke6 46. Rc7
Bf8 47. Rxc6+ Kd7 48. Rb6 Bxc5 49. Rg6 d4 50. Kg2 Rb2+ 51. Kf3 d3 52. h4 Rf2+
53. Kg4 d2 0-1